000 00530nam a2200217Ia 4500
008 181129s9999 xx 000 0 und d
020 _a9780590994590
050 _bC554 1989
100 _aChristelow, Eileen
245 0 _aFive little monkey jumping on the bed /
245 0 _cby Eileen Christelow.
260 _aNew York, NY :
260 _bScholastic,
260 _c1989
300 _a32 pages :
300 _bcolor illustrations ;
300 _c20cm.
500 _a310L
650 _aMonkey.
700 _aTitle.
999 _c359994
_d359994